La universidad, la sociedad y la antropología /

Na minha lista:
Detalhes bibliográficos
Autor principal: Lischetti, Mirtha
Formato: Texto
Assuntos:
Tags: Adicionar Tag
Sem tags, seja o primeiro a adicionar uma tag!

MARC

LEADER 00000 a a2200000 04500
001 16061
003
040
100 |a Lischetti, Mirtha  
245 |a La universidad, la sociedad y la antropología /  |c Mirtha Lischetti 
650 |a ENSEÑANZA SUPERIOR  
650 |a ANTROPOLOGIA  
650 |a CONFLICTOS SOCIALES  
650 |a ARGENTINA  
773 |g volumen 14; páginas 9-15  
999 |c 25266  |d 25266